| 000 | 00357 a2200157 4500 | ||
|---|---|---|---|
| 001 | 59645 | ||
| 020 | _a9783522180405 | ||
| 040 | _cAnchieta - Pituba | ||
| 100 | _aSchreiber, Chantal | ||
| 240 | 1 | 0 |
_a4 hufe + 1 kussalarm _lpor |
| 245 | 1 | 0 | _a4 hufe + 1 kussalarm |
| 300 | _a287 | ||
| 362 | 0 | _a2008 | |
| 650 | 4 | _aLiteratura juvenil em alemão | |
| 942 | _cBK | ||
| 999 |
_c59645 _d59645 |
||